Endocrine Emergencies Recognition and Treatment /

Endocrine Emergencies: Recognition and Treatment offers a state-of-the-art update on the management of endocrine, diabetic, and metabolic emergencies.  Developed by renowned experts, this comprehensive and easy to read title brings the field fully up to date, setting a high standard for diagnosis an...

Full description

Bibliographic Details
Corporate Author: SpringerLink (Online service)
Other Authors: Loriaux, Lynn (Editor)
Format: Electronic eBook
Language:English
Published: Totowa, NJ : Humana Press : Imprint: Humana Press, 2014.
Series:Contemporary Endocrinology ; 74
Subjects:
Online Access:Full Text via HEAL-Link
LEADER 02558nam a22004695i 4500
001 978-1-62703-697-9
003 DE-He213
005 20151204151649.0
007 cr nn 008mamaa
008 131119s2014 xxu| s |||| 0|eng d
020 |a 9781627036979  |9 978-1-62703-697-9 
024 7 |a 10.1007/978-1-62703-697-9  |2 doi 
040 |d GrThAP 
050 4 |a RC648-665.2 
072 7 |a MJG  |2 bicssc 
072 7 |a MED027000  |2 bisacsh 
082 0 4 |a 616.4  |2 23 
245 1 0 |a Endocrine Emergencies  |h [electronic resource] :  |b Recognition and Treatment /  |c edited by Lynn Loriaux. 
264 1 |a Totowa, NJ :  |b Humana Press :  |b Imprint: Humana Press,  |c 2014. 
300 |a X, 287 p. 50 illus., 25 illus. in color.  |b online resource. 
336 |a text  |b txt  |2 rdacontent 
337 |a computer  |b c  |2 rdamedia 
338 |a online resource  |b cr  |2 rdacarrier 
347 |a text file  |b PDF  |2 rda 
490 1 |a Contemporary Endocrinology ;  |v 74 
520 |a Endocrine Emergencies: Recognition and Treatment offers a state-of-the-art update on the management of endocrine, diabetic, and metabolic emergencies.  Developed by renowned experts, this comprehensive and easy to read title brings the field fully up to date, setting a high standard for diagnosis and treatment in each category.   All chapters begin with a summary that presents, in concentrated form, what the physician needs to know to begin the evaluation and emergency treatment of the known endocrine emergencies. This is followed by an extended discussion of the pathophysiology that can be read after initial treatment has begun. Covering such areas as hypoglycemia, acute adrenal insufficiency, ovarian hyperstimulation syndrome, thyroid storm, and pituitary apoplexy, just to name several, Endocrine Emergencies: Recognition and Treatment is an invaluable, practical resource that will be of great interest to endocrinologists, internal medicine and emergency room physicians,  fellows and residents. 
650 0 |a Medicine. 
650 0 |a Internal medicine. 
650 0 |a Endocrinology. 
650 0 |a Cell biology. 
650 1 4 |a Medicine & Public Health. 
650 2 4 |a Endocrinology. 
650 2 4 |a Internal Medicine. 
650 2 4 |a Cell Biology. 
700 1 |a Loriaux, Lynn.  |e editor. 
710 2 |a SpringerLink (Online service) 
773 0 |t Springer eBooks 
776 0 8 |i Printed edition:  |z 9781627036962 
830 0 |a Contemporary Endocrinology ;  |v 74 
856 4 0 |u http://dx.doi.org/10.1007/978-1-62703-697-9  |z Full Text via HEAL-Link 
912 |a ZDB-2-SME 
950 |a Medicine (Springer-11650)